Biblioteca

Fe religiosa y madurez psicológica (Registro nro. 69800)

Detalles MARC
000 -LÍDER
Campo fijo de descripción fija 01331nab a2200241 i 4500
001 - NÚMERO DE CONTROL
Campo de control 768714001
003 - IDENTIFICADOR DEL NÚMERO DE CONTROL
Campo de control CO-MdFUSB
005 - FECHA Y HORA DE LA ULTIMA TRANSACCIÓN
control field 20240521112328.0
008 - ELEMENTOS DE LONGITUD FIJA -- INFORMACIÓN GENERAL
Campo fijo de descripción fija -- Información general 240521t1973 sp ||||| |||| 00| 0 spa d
040 ## - FUENTE DE CATALOGACIÓN
Idioma de catalogación spa
Agencia que realiza la transcripción CO-MdFUSB
Agencia que realiza la modificación CO-MdFUSB
041 ## - CÓDIGO DE IDIOMA
Código de idioma para texto/pista de sonido o título separado spa
100 ## - ASIENTO PRINCIPAL--NOMBRE PERSONAL
Nombre personal Kennedy, Eugène P., ‎
Término relacionador autor
245 ## - TÍTULO
Título Fe religiosa y madurez psicológica
Mención de responsabilidad / Eugene P. Kennedy ; traducido por Julio Alonso Asenjo
520 ## - NOTA DE RESUMEN, ETC.
Nota de sumario, etc. Fe es un concepto que admite múltiples definiciones. En este artículo se toma la fe como una función de la personalidad humana que refleja y expresa un tipo de convicciones mediante las cuales el individuo contempla el sentido último de su vida y el significado del universo que le rodea. Por tanto, está íntimamente relacionada con las cualidades de la persona, que alientan las fuerzas sociales y culturales, así como la doctrina teológica.
650 #7 - ASIENTO SECUNDARIO DE MATERIA - TERMINO TEMÁTICO
Término temático o nombre geográfico como elemento de entrada Sociología cristiana
9 (RLIN) 405
650 #7 - ASIENTO SECUNDARIO DE MATERIA - TERMINO TEMÁTICO
Término temático o nombre geográfico como elemento de entrada Fe
9 (RLIN) 531
650 #7 - ASIENTO SECUNDARIO DE MATERIA - TERMINO TEMÁTICO
Término temático o nombre geográfico como elemento de entrada Psicología y religión
9 (RLIN) 229
653 ## - TÉRMINO DE INDIZACIÓN - NO CONTROLADO
Término no controlado La persistencia de la religión
700 ## - ENTR. SECUNDARIA - Nombre Personal (R)
Nombre de persona Alonso Asenjo, Julio,
Término indicativo de función traductor
773 0# - ASIENTO DE ITEM FUENTE
Biblionumber 49450
Itemnumber 82661
Otro identificador del ítem R2571
Título Revista internacional de teología Concilium
Número de control del registro (CO-MdFUSB)8
Número Internacional Normalizado para Publicaciones Seriadas (ISSN) 0210-1041
Parte(s) relacionada(s) / Volumen., número. (mes año), páginas Número 81, (enero, 1973), páginas: 117 - 123
Enumeración y primera página página: 117
942 ## - TIPO DE MATERIAL (KOHA)
Tipo de Item KOHA Artículos de Revista
945 ## - INFORMACIÓN LOCAL DEL REGISTRO
Catalogador Catherine Arias Alvarez - Practicante SENA

No hay ítems disponibles.

Biblioteca FUSBC | Teléfono: (57+4) 349 88 10 Ext. 141| WhatsApp (+57) 3005338115 
E-mail: biblioteca@unisbc.edu.co | Calle 76 87-14 Robledo Palenque, Medellín, Colombia

Con tecnología Koha